00250nam a2200109Ia 4500008004100000100002100041245002400062260000900086650002100095942000700116999001700123190216s9999||||xx |||||||||||||| ||und|| aM R Vijayanathan 0aMahacharithamala 64 bNull aJeeva Charithram cBK c25591d25591